000 00267nam a22001097a 4500
008 170113b xxu||||| |||| 00| 0 eng d
020 _a9780323088671
041 _aeng
080 _28TH
_a618.2
245 _aVIRTUAL CLINICAL EXCURSIONS
_cPOTTER & PERRY
942 _2udc
_cBK
999 _c2901
_d2901